Most Populous US State per Letter Minefield Quiz Stats

Quiz Updated Aug 28, 2015

Challenge
Share
Tweet
Embed
Score 0/20 Timer 07:00
2 Plays Today
Letter State % Correct
C???
86.3%
F???
73.3%
G???
66.5%
N???
65.2%
H???
61.6%
I???
60.9%
T???
60.2%
D???
59.1%
A???
56.3%
L???
50.7%
Letter State % Correct
U???
48.5%
P???
47.1%
K???
46.8%
O???
45%
V???
44.6%
W???
39.3%
R???
38%
M???
35.6%
S???
31.5%
Mines???
17.3%

You're not logged in!

Compare scores with friends on all Sporcle quizzes.
Join for Free
OR
Log In

Show Comments

Extras

Top Quizzes Today


Score Distribution

Your Account Isn't Verified!

In order to create a playlist on Sporcle, you need to verify the email address you used during registration. Go to your Sporcle Settings to finish the process.

Report this User

Report this user for behavior that violates our Community Guidelines.

Details: